[Event "2nd Cairns Cup 2020"]
[Site "Saint Louis"]
[Date "2020.02.14"]
[Round "7.1"]
[White "Dzagnidze, Nana"]
[Black "Ju, Wenjun"]
[Result "1/2-1/2"]
[WhiteElo "2515"]
[BlackElo "2583"]
[Annotator "TA"]
[PlyCount "147"]
[EventDate "2020.02.07"]
[EventCountry "USA"]
[SourceTitle "playchess.com"]
[Source "ChessBase"]
[SourceQuality "1"]

{[%evp 9,147,-12,0,-2,0,0,12,-5,20,-3,28,38,31,41,37,25,39,49,40,-37,-37,-57,-25,-26,-32,-10,-12,-93,-86,-77,-83,-91,-95,-91,-89,-96,-96,-95,-79,-65,-80,-123,-109,-108,-99,-120,-120,-120,-117,-146,-140,-153,-146,-193,-167,-162,-162,-158,-161,-157,-157,-157,-157,-192,-188,-177,-171,-177,-206,-203,-200,-200,-139,-184,0,-156,-156,-156,-156,-164,-163,-165,-168,-161,-156,-163,-163,-175,-164,-181,-181,-183,-183,-181,-181,-181,-179,-189,-165,-175,-166,-199,-202,-240,-234,-250,-243,-258,-236,-243,-250,-262,-206,-250,-242,-235,-245,-293,-254,-286,-283,-314,-245,-316,-280,-356,12,12,12,12,12,0,0,0,12,0,8,0,12,0]} 1. d4 Nf6 2. Bg5 d5 3. e3 c5 4. Nd2 cxd4 5. exd4 Qb6 6. Ngf3 {D00: 1 d4 d5: Unusual lines.} Nc6 7. Nb3 Ne4 8. Be3 {[#]} g6 $146 ({Predecessor:} 8... Bg4 9. Be2 e6 10. O-O Bd6 11. h3 Bh5 12. c4 Qc7 13. Nc5 Nf6 14. Rc1 dxc4 15. Rxc4 {½-½ (22) Berkes,F (2648)-Bok,B (2596) Moscow 2017}) 9. c4 Qd8 10. cxd5 Qxd5 11. Rc1 Bg7 12. Bc4 Qd6 13. d5 Ne5 14. Bb5+ (14. Nxe5 $1 $14 Bxe5 15. Qe2) 14... Bd7 $15 15. Bxd7+ Qxd7 (15... Nxd7 {is interesting.} 16. Qc2 Ndf6 17. O-O O-O 18. Rfd1 Qd7) 16. Nxe5 Bxe5 17. O-O Bxb2 18. Bd4 (18. Rc4 $11 {keeps the balance.} Nd6 19. Nc5) 18... Bxd4 19. Qxd4 {[%cal Rd4h8]} Nf6 20. Rfd1 {[#]} b6 $1 21. d6 O-O 22. Qe5 Rfe8 23. h3 Nh5 24. Rc7 exd6 25. Qc3 Qe6 26. Qf3 Qf6 27. Qc6 {[#]} d5 $1 28. Nd4 (28. Qxd5 Rad8) 28... Kg7 29. a4 Nf4 30. Qxf6+ Kxf6 31. Nb5 Re7 32. Rc6+ Kg7 33. g3 Nxh3+ 34. Kg2 Ng5 35. Rxd5 Ne6 36. Rdd6 Rd8 37. a5 bxa5 38. Rxd8 Nxd8 $19 {[%mdl 4096] Endgame KRN-KRN} 39. Ra6 Re5 40. Nd4 Ne6 41. Nb3 {[#]} Nd8 $2 ({Better is} 41... a4 $1 $19 42. Rxa4 Rb5) 42. Nxa5 $2 (42. Nd4 $1 $11) 42... Re7 $17 43. Nc4 h5 44. Ne3 Ne6 45. Ra2 Rd7 46. Ra5 Nd4 47. Ra2 Nb3 48. Ra3 Rb7 49. Ra6 Nc5 50. Ra5 Nd3 51. Ra3 Nb4 52. Nc4 a6 {[%cal Ba7a6,Ba6a5][%mdl 32]} 53. Ra4 Rb8 54. Ne3 Kf8 55. Kf3 Rb5 56. Ke4 a5 57. Ra1 Nc6 58. Kd3 Rc5 59. f4 Ke7 60. Nc4 g5 61. Ne3 gxf4 62. gxf4 Kf6 63. Rb1 Nb4+ 64. Ke4 h4 65. Rd1 Rh5 66. Rd6+ Ke7 67. Rd2 {White wants to play Nf5+.} h3 $2 ({Black should try} 67... a4 $19 68. Rb2 Nc6 69. Nf5+ Kd8 70. Rd2+ Kc7) 68. Nf5+ $11 {[#]The position is equal.} Rxf5 $1 69. Kxf5 {KR-KN} a4 {Strongly threatening ...a3.} 70. Re2+ Kd6 {White must now prevent ...a3.} 71. Rd2+ Ke7 {Threatens to win with ...a3.} 72. Re2+ Kd7 73. Rd2+ Ke7 {aiming for ...a3.} 74. Re2+ {Accuracy: White = 73%, Black = 79%.} 1/2-1/2

[Event "2nd Cairns Cup 2020"]
[Site "Saint Louis"]
[Date "2020.02.14"]
[Round "7.2"]
[White "Krush, Irina"]
[Black "Koneru, Humpy"]
[Result "1/2-1/2"]
[WhiteElo "2422"]
[BlackElo "2580"]
[Annotator "TA"]
[PlyCount "103"]
[EventDate "2020.02.07"]
[EventCountry "USA"]
[SourceTitle "playchess.com"]
[Source "ChessBase"]
[SourceQuality "1"]

{[%evp 14,103,4,0,0,0,16,0,0,0,0,0,21,24,18,29,20,1,5,0,4,0,0,0,0,0,0,0,0,0,16,0,11,0,29,29,24,21,27,18,29,29,44,40,51,29,33,37,53,48,31,48,39,20,46,50,43,20,43,43,43,43,62,50,137,127,155,0,0,0,0,0,0,0,8,0,2,6,8,0,0,0,3,8,70,0,0,0,0,0,0,0]} 1. d4 Nf6 2. c4 e6 3. Nc3 Bb4 4. Qc2 O-O 5. a3 Bxc3+ 6. Qxc3 b6 7. Bg5 Bb7 8. e3 d6 {E32: Nimzo-Indian: Classical (4 Qc2): 4...0-0.} 9. Ne2 Nbd7 10. Qc2 c5 11. Rd1 Qc8 12. Bh4 {[#]} d5 $146 (12... Ba6 {seems wilder.} 13. Nc3 d5 14. cxd5 Bxf1 15. Rxf1 Nxd5 16. Nxd5 exd5 17. dxc5 Nxc5 18. b4 Ne4) ({Predecessor:} 12... Ba6 13. Nc3 d5 14. cxd5 Bxf1 15. Rxf1 Nxd5 16. Nxd5 exd5 17. dxc5 Nxc5 18. Be7 Re8 19. Bxc5 bxc5 20. Rxd5 {½-½ (29) Pitkaenen,J (2500)-Romm,M (2462) ICCF email 2011}) 13. cxd5 Bxd5 14. f3 cxd4 15. Qxc8 Rfxc8 16. Rxd4 Bc4 17. Nc3 Bxf1 18. Rxf1 Ne5 19. Rf2 Nc4 20. Bxf6 gxf6 21. Nd1 b5 22. Rc2 a6 (22... f5 {is interesting.} 23. e4 fxe4 24. Rxe4 Kg7 25. Rg4+ Kf8) 23. Ke2 Rd8 (23... Na5 {feels hotter.} 24. Rc3 f5 25. a4 Nc4 26. b3 Na5) 24. Rxd8+ Rxd8 $11 {[%mdl 4096] Endgame KRN-KRN} 25. Nf2 f5 26. Nd3 Kf8 27. a4 Rd6 28. b3 Na5 29. axb5 axb5 30. Rc5 Rb6 31. Ne5 {[#] Black must now prevent Nd7+.} Ke7 $1 32. b4 Nb7 $1 {[%cal Rb7c5]} 33. Rc2 Nd8 34. f4 Rb7 35. Kf3 f6 36. Nc6+ Nxc6 37. Rxc6 $14 {KR-KR} Kf7 38. h3 Ke7 {[#]} (38... h5 $14) 39. g4 $1 $16 Kf7 40. g5 $2 ({Better is} 40. gxf5 $16 exf5 41. h4) 40... fxg5 $11 41. fxg5 Ra7 42. Rb6 Ra1 43. Rxb5 Rf1+ 44. Kg2 Re1 45. Re5 Rb1 46. Rb5 Re1 47. Kf2 Rh1 48. Kg3 Re1 (48... Kg6 $11) 49. Kf2 (49. Kf4 $14) 49... Rh1 {The position is equal.} 50. Kg2 Re1 51. Kf2 Rh1 52. Kg2 {Accuracy: White = 95%, Black = 88%.} 1/2-1/2

[Event "2nd Cairns Cup 2020"]
[Site "Saint Louis"]
[Date "2020.02.14"]
[Round "7.3"]
[White "Kosteniuk, Alexandra"]
[Black "Lagno, Kateryna"]
[Result "1/2-1/2"]
[WhiteElo "2504"]
[BlackElo "2552"]
[Annotator "TA"]
[PlyCount "60"]
[EventDate "2020.02.07"]
[EventCountry "USA"]
[SourceTitle "playchess.com"]
[Source "ChessBase"]
[SourceQuality "1"]

{[%evp 14,60,-10,-12,-12,-12,-12,-18,-14,-11,-14,-15,-25,-17,0,-2,-12,-21,-6,0,0,0,0,0,0,0,0,-6,0,0,0,0,0,0,0,-8,-2,-2,-9,-8,0,-2,-7,-10,0,0,0,-32,0]} 1. c4 Nf6 2. Nc3 c5 3. Nf3 Nc6 {[%cal Bb8c6,Bc6e5,Be5c4][%mdl 32]} 4. d4 cxd4 5. Nxd4 e6 6. g3 Qb6 7. Ndb5 Ne5 8. Bg2 a6 {A33: Symmetrical English: 2 Nf3 Nf6 3 d4 cxd4 4 Nxd4 e6 5 Nc3 Nc6.} 9. Na4 Qd8 10. Nd6+ Bxd6 $1 {The position is equal.} 11. Qxd6 Nxc4 12. Qc5 d5 13. b3 Bd7 14. bxc4 {[#] And now Nb6 would win.} Bxa4 15. Qa3 {[#]} b5 $146 ({Predecessor:} 15... Qd7 16. Bb2 b5 17. cxd5 exd5 18. Bxf6 gxf6 19. O-O Qe7 20. Qf3 O-O 21. Qg4+ Kh8 22. Bxd5 {0-1 (62) Dubov,D (2700)-Vachier Lagrave,M (2775) Paris 2019}) 16. cxb5 axb5 17. Bf4 Ne4 18. Bxe4 dxe4 19. O-O f6 20. Qb4 Kf7 21. Rfc1 {[#] Rc7+ is the strong threat.} e5 22. Be3 Rc8 23. Qxe4 Qd7 24. Rxc8 Rxc8 25. Qxh7 Bc2 26. Qh5+ Bg6 27. Qf3 Bf5 28. Qh5+ Bg6 29. Qf3 Bf5 30. Qh5+ Bg6 {Accuracy: White = 100%, Black = 94%.} 1/2-1/2

[Event "2nd Cairns Cup 2020"]
[Site "Saint Louis"]
[Date "2020.02.14"]
[Round "7.4"]
[White "Gunina, Valentina"]
[Black "Muzychuk, Mariya"]
[Result "0-1"]
[WhiteElo "2461"]
[BlackElo "2552"]
[Annotator "TA"]
[PlyCount "146"]
[EventDate "2020.02.07"]
[EventCountry "USA"]
[SourceTitle "playchess.com"]
[Source "ChessBase"]
[SourceQuality "1"]

{[%evp 9,146,13,0,0,0,0,9,-41,-42,-41,-29,-88,-66,-74,-72,-86,-77,-93,-95,-91,-84,-205,-99,-102,-84,-132,-95,-109,-105,-115,-115,-109,-126,-143,-135,-137,-19,-29,-27,-39,0,0,-30,-50,0,0,0,0,1,0,0,0,0,0,4,0,0,0,0,0,0,0,0,0,0,0,0,0,-8,-8,0,0,0,0,0,0,0,0,0,-1,0,0,0,-9,0,-8,-8,-8,-8,-8,0,-8,-6,-6,-6,-6,0,0,0,0,0,-8,0,-8,-8,-8,0,0,0,0,0,0,0,0,0,0,0,-110,-110,-110,-110,-110,-110,-110,-110,-7885,-6997,-5097,-5077,-29974,-29973,-29971,-29964,-29982,-29983,-29983,-29984,-29984,-29982]} 1. e4 c5 2. Nf3 Nc6 3. Bb5 e6 4. Bxc6 bxc6 5. b3 Ne7 6. Bb2 {B30: Sicilian: 2...Nc6 3 Bb5, lines without ...g6.} d6 7. O-O e5 {[#]} 8. Nh4 $146 {The position is equal.} ({Predecessor:} 8. c3 f6 9. d4 cxd4 10. cxd4 Ng6 11. Qc2 Qb6 12. Nbd2 Be7 13. Nc4 Qc7 14. Ne3 {1-0 (45) Lomasov,S (2393)-Yakubboev,N (2431) Khanty-Mansiysk 2016}) 8... g5 9. Nf3 Ng6 10. Ne1 (10. d3 $11) 10... Bg7 11. d3 O-O 12. Nd2 f5 13. exf5 Bxf5 14. Ne4 Nf4 15. g3 (15. c4 $17 {might work better.}) 15... Ne6 (15... Nh3+ $19 {is more deadly.} 16. Kg2 g4) 16. Ng2 $17 d5 17. Nd2 Qd6 18. Qh5 Bg6 19. Qe2 Rae8 20. Rae1 {[%cal Rb2e5]} Nd4 21. Bxd4 cxd4 ({Don't take} 21... exd4 22. Qg4 $15) 22. h4 h6 (22... Qc5 $17 23. Rc1 e4 24. dxe4 h6) 23. hxg5 $1 $11 hxg5 24. Qg4 Qf6 25. f4 gxf4 {Threatens to win with ...Qf5.} 26. gxf4 e4 (26... Bf5 $5 {[%cal Rf5g4]} 27. fxe5 Bxg4 28. exf6 Rxe1 29. Nxe1 Rxf6 30. Rxf6 Bxf6 $17) 27. Nh4 Bh7 {Hoping for ...e3.} 28. dxe4 Bxe4 29. Nxe4 Rxe4 30. Ng6 {Strongly threatening Rxe4.} Rfe8 31. Rxe4 Rxe4 32. Rf2 Qe6 33. Qxe6+ Rxe6 {[%mdl 4096] Endgame KRB-KRN} 34. f5 Re1+ 35. Kg2 Kf7 36. Nf4 Re4 37. Ne6 Kf6 38. a3 Bh6 39. b4 Be3 40. Rf3 Rg4+ 41. Kh3 Rg1 42. Nc5 Rh1+ 43. Kg4 Rh7 44. Kg3 Rg7+ 45. Kh2 Rh7+ 46. Kg2 Rg7+ (46... Bc1 {is more complex.} 47. Kg3 Bd2 48. Ne6 Be1+ 49. Kg2 Bc3) 47. Rg3 Rxg3+ 48. Kxg3 Kxf5 {KB-KN} 49. Kf3 Bc1 50. a4 Bd2 51. Nb3 Bc3 52. b5 cxb5 53. axb5 {[#]} d3 $1 {[%mdl 512]} 54. cxd3 Ke5 55. Ke2 Kd6 56. Kf3 Be5 57. Kg4 Kc7 58. Nc5 Ba1 {...Kb6! is the strong threat.} (58... Bh8 $5 59. Na4 $8 Bd4 $11) 59. Na4 Bd4 60. Kf5 Kd6 61. Kf4 Ke6 62. Kf3 Ke5 (62... Kf5 $5) 63. Kg3 {[#]} (63. Ke2 $1 $11) 63... Bb6 $1 $17 {And now ...Kd4 would win.} 64. Kf3 {[#]} Kd4 $1 {[%cal Rd4d3]} 65. Ke2 Ba5 66. Nb2 Kc5 67. Ke3 $2 {[%mdl 8192]} (67. Nd1 $17) 67... Kxb5 $19 68. Kd4 Kc6 69. Na4 Bb4 {Black mates.} 70. Nb2 a5 71. Ke3 Bc3 72. Na4 d4+ 73. Ke2 Ba1 {Accuracy: White = 81%, Black = 90%.} 0-1

[Event "2nd Cairns Cup 2020"]
[Site "Saint Louis"]
[Date "2020.02.14"]
[Round "7.5"]
[White "Harika, Dronavalli"]
[Black "Yip, Carissa"]
[Result "1/2-1/2"]
[WhiteElo "2518"]
[BlackElo "2412"]
[Annotator "TA"]
[PlyCount "86"]
[EventDate "2020.02.07"]
[EventCountry "USA"]
[SourceTitle "playchess.com"]
[Source "ChessBase"]
[SourceQuality "1"]

{[%evp 17,86,27,39,31,36,-14,-1,-3,25,-34,-34,-35,-33,-47,-43,-43,4,-19,0,0,0,-25,-31,-41,12,-20,0,-31,0,0,0,0,0,-3,-10,-8,-8,0,0,-17,-17,-17,-17,-17,-17,-8,-8,-14,-16,-50,0,0,0,0,0,0,0,-2,11,7,20,11,16,0,0,0,13,0,0,0,26]} 1. d4 Nf6 2. c4 g6 3. g3 Bg7 4. Bg2 O-O 5. Nc3 d6 6. Nf3 Bf5 7. Nh4 Bc8 8. O-O c6 9. Nf3 Bf5 {9...a5 is a critical line.} 10. Ng5 {E62: King's Indian: Fianchetto: 6...c6 and Panno Variation (6...Nc6) without ...a6.} e5 11. e4 Bg4 12. f3 {[#] Threatens to win with dxe5.} Bd7 $146 ({Predecessor:} 12... exd4 13. Qxd4 Nd5 14. Qd3 Nxc3 15. bxc3 Bc8 16. Bf4 Be5 17. Be3 Qa5 18. Rfc1 Rd8 19. f4 Bf6 20. Nf3 Na6 {0-1 (47) Wiechert,H (2177)-Adler,J (2244) Baden 2018}) 13. Nh3 (13. dxe5 $11 dxe5 14. Qe2) 13... exd4 $15 14. Qxd4 Nd5 15. Qd3 Nxc3 16. bxc3 Qf6 17. Rb1 Qxc3 18. Qxc3 Bxc3 19. Rxb7 Bd4+ 20. Kh1 Be6 (20... Bc8 $15 21. Rb3 Be6) 21. Bf4 Rd8 22. Rc1 Bc8 23. Rb3 Na6 24. Rd1 c5 25. Bg5 f6 26. Be3 Bxe3 27. Rxe3 Be6 28. Rc3 Nb4 29. Rd2 Rab8 30. Nf4 Kf7 31. Nxe6 Kxe6 32. f4 Nc6 {[#] Strongly threatening ...Rb1+.} 33. h4 Rb1+ 34. Kh2 {The position is equal.} Nd4 35. Ra3 Rd7 36. Bh3+ f5 37. Bg2 Re1 38. exf5+ gxf5 39. Bd5+ Kf6 40. Kg2 Rb1 41. Ra6 Ke7 42. Kf2 Kd8 43. Kg2 Kc8 {Accuracy: White = 81%, Black = 80%.} 1/2-1/2

[Event "2nd Cairns Cup 2020"]
[Site "Saint Louis"]
[Date "2020.02.15"]
[Round "8.1"]
[White "Ju, Wenjun"]
[Black "Yip, Carissa"]
[Result "0-1"]
[WhiteElo "2583"]
[BlackElo "2412"]
[Annotator "TA"]
[PlyCount "114"]
[EventDate "2020.02.07"]
[EventCountry "USA"]
[SourceTitle "playchess.com"]
[Source "ChessBase"]
[SourceQuality "1"]

{[%evp 9,114,22,37,8,32,27,31,30,28,18,22,23,25,14,30,-11,-5,-4,-6,-40,-41,-18,0,-16,0,-14,22,0,35,36,84,85,83,73,56,62,62,0,7,-7,-7,0,-4,-28,-11,-103,-2,-22,0,-39,-49,-54,-55,-124,-124,-125,-125,-132,-81,-325,-271,-267,-254,-462,-354,-710,-700,-686,-385,-1579,-1602,-1490,-1449,-1325,-1307,-1198,-1187,-29980,-29981,-29981,-29982,-29982,-29983,-29979,-29980,-29984,-29985,-29985,-29986,-29986,-29986,-29986,-29984,-29984,-29985,-29985,-29981,-29969,-1970,-29988,-29987,-29989,-29988,-29988,-29989,-29989,-29990]} 1. e4 e5 2. Nf3 Nc6 3. Bb5 a6 4. Ba4 g6 5. d4 exd4 6. c3 {C70: Ruy Lopez: 3...a6 4 Ba4, Norwegian and Delayed Schliemann.} Bg7 7. cxd4 b5 8. Bb3 {White is slightly better.} Nge7 9. d5 Na5 10. Bd2 Nxb3 ({Of course not} 10... Bxb2 $6 11. Bxa5 Bxa1 12. Nc3 $16) 11. Qxb3 c5 12. Bc3 (12. dxc6 $5 dxc6 13. Bc3 $11) 12... f6 $1 13. a3 d6 {[#]} 14. h4 $146 ({Predecessor:} 14. Nbd2 O-O 15. O-O Bd7 16. Qc2 Rc8 17. b3 Qb6 18. Rfe1 Rce8 19. Qb2 a5 20. Qc2 {1-0 (69) Macovei,A (2369)-Shevchenko,K (2549) Sovata 2018}) 14... O-O 15. Nbd2 Qe8 {White should prevent ...a5.} 16. O-O Bd7 17. Qc2 Rc8 18. b3 h6 19. a4 Ra8 20. axb5 axb5 21. Rxa8 Qxa8 22. Ra1 Qb7 23. Qa2 (23. b4 $14) 23... Nc8 $11 (23... b4 $5 24. Bb2 $8 Bb5 $11) 24. Ne1 b4 25. Bb2 Bb5 26. Nc2 Bd3 27. Ne3 (27. Ne1 $1 $11 {remains equal.} Be2 28. g3) 27... Qe7 (27... f5 $1 $17 28. exf5 gxf5) 28. Re1 Nb6 $36 {[%mdl 2048] Strongly threatening ...Ra8. Black is pushing.} 29. Qa1 (29. Qa5 $5 {[%cal Ra5b6]} Qb7 30. Qa1 $15) 29... Ra8 30. Qc1 h5 31. Nec4 (31. Ndf1 $15) 31... Nxc4 $17 32. Nxc4 Ra2 33. g3 Kh7 ({Black should try} 33... Qd7 $1 {White must now prevent ...Kh7.} 34. Ba1 Qa7) 34. Nd2 $2 (34. Re3 $17 Bxc4 35. bxc4) 34... Bh6 $19 35. f4 {[#]} Qa7 $1 {aiming for ...c4+.} 36. Nc4 $2 (36. Nf3 {was the only defense.}) 36... Qd7 {And now ...Qh3 would win.} 37. Re3 $2 (37. Rd1 Bxc4 38. bxc4) 37... Bxc4 38. bxc4 Qg4 {( -> ...Bxf4)} ({Weaker is} 38... Qh3 39. Rb3 $17) 39. Kh1 $2 {[#]} (39. Rd3 f5 40. e5) 39... Bxf4 $1 {[%mdl 576] Deflection} 40. gxf4 Qxh4+ 41. Kg1 Qg4+ 42. Kh1 Qxf4 43. Qb1 Rxb2 44. Qxb2 Qxe3 45. Qxf6 Qxe4+ {[%mdl 4160] Endgame Double Attack. KQ-KQ} 46. Kh2 b3 47. Qf7+ Kh6 48. Qf8+ Kg5 49. Qd8+ Kf5 50. Qd7+ Ke5 51. Qg7+ {[#]} Kf4 $1 52. Qf6+ Kg4 53. Qe6+ Qf5 (53... Kf3 $142 54. Qh3+ Ke2 55. Qxb3 Qf4+ 56. Kg2 Qf2+ 57. Kh3 Qe3+ 58. Qxe3+ Kxe3 59. Kg3 g5 60. Kg2 h4 61. Kh2 g4 62. Kg2 Kf4 63. Kg1 Kf3 64. Kf1 g3 65. Ke1 g2 66. Kd1 g1=Q+ 67. Kd2 h3 68. Kc3 Qb1 69. Kd2 h2 70. Kc3 h1=Q 71. Kd2 Qhe1#) 54. Qxd6 Qf2+ {Black mates.} 55. Kh1 Qf3+ 56. Kh2 Qh3+ 57. Kg1 Qg3+ {Accuracy: White = 55%, Black = 79%.} 0-1

[Event "2nd Cairns Cup 2020"]
[Site "Saint Louis"]
[Date "2020.02.15"]
[Round "8.2"]
[White "Koneru, Humpy"]
[Black "Gunina, Valentina"]
[Result "1-0"]
[WhiteElo "2580"]
[BlackElo "2461"]
[Annotator "TA"]
[PlyCount "69"]
[EventDate "2020.02.07"]
[EventCountry "USA"]
[SourceTitle "playchess.com"]
[Source "ChessBase"]
[SourceQuality "1"]

{[%evp 25,69,22,31,33,139,143,153,156,157,156,364,365,354,354,352,353,360,285,457,319,322,289,275,195,356,358,350,341,702,695,676,675,627,487,1584,1575,1519,1494,5561,5499,5481,760,3158,741,945,840]} 1. Nf3 d5 2. d4 Nf6 3. c4 e6 4. Nc3 c6 5. e3 Nbd7 6. Bd3 dxc4 7. Bxc4 b5 8. Bd3 Bb7 9. O-O a6 10. e4 c5 11. d5 c4 12. Bc2 Qc7 13. dxe6 fxe6 14. Ng5 {D48: Semi-Slav: Meran System: 7...b5 8 Bd3 a6.} Qc6 {[#]} ({Better is} 14... Nc5 $1 $14) 15. Qf3 $1 $16 h6 16. Qh3 {White is clearly better.} hxg5 17. Qxh8 {[#]} Ne5 $146 (17... g4 $16 {was called for.} 18. Bg5 O-O-O) ({Predecessor:} 17... g4 18. Bg5 Kf7 19. Qh4 Bd6 20. Rad1 Qc7 21. Rfe1 Be5 22. Rxd7+ Qxd7 23. Bxf6 Bxf6 {1-0 (30) Maksimenko,A (2475)-Bjerring,K (2345) Copenhagen 1994}) 18. Bxg5 $18 Nf7 19. Qh4 Be7 20. Rad1 Qc5 21. e5 Nxe5 $2 (21... Qxe5 {is a better defense.} 22. Bf4 Qc5) 22. Bxf6 Bxf6 23. Qh5+ Ke7 {[#] Threatens to win with ...Nf3+!} 24. Be4 Bc6 $2 (24... Nd3 25. Qxc5+ Nxc5) 25. Bxc6 Qxc6 26. Rfe1 Nd3 $2 (26... Nf7 27. Nd5+ Kf8) 27. Nd5+ {White is clearly winning.} Kf8 28. Nxf6 gxf6 29. Qh8+ Kf7 (29... Ke7 $142 30. Qh7+ Kd6) 30. Qh7+ Ke8 31. Re3 Nf4 32. Qg8+ Ke7 33. Qg7+ Ke8 34. Rd4 (34. Rf3 $142 Qe4 35. Qxf6) 34... c3 35. bxc3 {Accuracy: White = 70%, Black = 38%.} 1-0

[Event "2nd Cairns Cup 2020"]
[Site "Saint Louis"]
[Date "2020.02.15"]
[Round "8.3"]
[White "Muzychuk, Mariya"]
[Black "Harika, Dronavalli"]
[Result "1/2-1/2"]
[WhiteElo "2552"]
[BlackElo "2518"]
[Annotator "TA"]
[PlyCount "115"]
[EventDate "2020.02.07"]
[EventCountry "USA"]
[SourceTitle "playchess.com"]
[Source "ChessBase"]
[SourceQuality "1"]

{[%evp 17,115,21,35,0,15,1,19,0,8,0,29,27,27,27,27,27,20,21,23,14,25,11,20,8,16,8,8,8,20,13,15,10,12,12,14,10,16,10,6,4,4,0,5,0,0,0,0,-39,0,0,0,0,0,0,56,72,81,60,71,94,57,10,10,10,9,9,45,45,45,45,45,47,135,30,57,8,8,0,8,0,0,0,0,0,0,0,0,0,0,0,0,0,0,0,0,0,0,0,0,0]} 1. e4 c5 2. Nf3 d6 3. d4 cxd4 4. Nxd4 Nf6 5. Nc3 a6 6. h3 e6 7. g4 Nfd7 8. g5 b5 9. Bg2 Bb7 10. h4 {B81: Sicilian Scheveningen: Keres Attack.} Nc6 {[#]} 11. Nxc6 $146 ({Predecessor:} 11. Nce2 Nxd4 12. Nxd4 Be7 13. Qe2 Rc8 14. O-O g6 15. Rd1 Qc7 16. c3 O-O 17. h5 {½-½ (62) Deac,B (2385)-Ghaem Maghami,E (2559) Doha 2014}) 11... Bxc6 12. Ne2 Nc5 13. Ng3 d5 14. exd5 Bxd5 15. Bxd5 Qxd5 16. Qxd5 exd5 17. Be3 O-O-O 18. O-O-O Ne6 19. Nf5 h6 20. f4 g6 21. Nxh6 Bxh6 22. gxh6 f5 23. h5 Rxh6 24. hxg6 Rxg6 25. Rh5 d4 26. Bd2 Rd5 27. Rdh1 Kb7 28. Rh7+ Kc6 29. Ra7 Kb6 30. Re7 Nc5 31. b4 Ne4 32. Be1 Rd8 33. Rh5 Rg1 34. Kd1 Nc3+ 35. Kd2 {[#] White threatens Rh6+ and mate.} Ne4+ ({Better is} 35... Rd6 $11 36. Rxf5 Nd5) 36. Ke2 $1 $14 Rg2+ 37. Kd3 Nd6 38. Rh6 Kc6 39. Bh4 {Threatens to win with Ree6.} Rd7 40. Bf6 Rg3+ $1 41. Kxd4 {Hoping for Rxd7.} Nf7+ 42. Rxd7 Kxd7 {[%mdl 4096] Endgame KRB-KRN} 43. Rh2 Ke6 $1 {[%cal Re6f6]} 44. Bh4 Rf3 {[#]} (44... Rg4 $14) 45. Bg5 ({White should play} 45. Rf2 $1 $16 {[%cal Rf2f3]} Rxf2 46. Bxf2) 45... Kd6 $1 $11 46. c3 Rf1 {The position is equal.} 47. Rh7 Rd1+ 48. Ke3 Ke6 49. Rg7 Nd6 50. Re7+ Kd5 51. Re5+ Kc6 52. Rc5+ Kd7 53. a3 Ra1 54. Bf6 Nc4+ 55. Kf3 Ra2 56. Bd4 Nd2+ 57. Ke3 Nc4+ 58. Kf3 {Accuracy: White = 85%, Black = 85%.} 1/2-1/2

[Event "2nd Cairns Cup 2020"]
[Site "Saint Louis"]
[Date "2020.02.15"]
[Round "8.4"]
[White "Dzagnidze, Nana"]
[Black "Kosteniuk, Alexandra"]
[Result "0-1"]
[WhiteElo "2515"]
[BlackElo "2504"]
[Annotator "TA"]
[PlyCount "136"]
[EventDate "2020.02.07"]
[EventCountry "USA"]
[SourceTitle "playchess.com"]
[Source "ChessBase"]
[SourceQuality "1"]

{[%evp 10,136,-2,-5,17,0,0,0,3,0,0,-10,0,-10,-8,-8,-8,-6,0,-14,0,-12,-8,-4,0,0,0,0,0,0,3,0,0,0,39,34,44,48,31,49,40,19,64,58,62,64,67,4,12,14,40,0,0,0,0,-6,-3,-42,-50,-57,-62,-56,-62,-52,-29,-27,0,-28,-23,-64,-59,-129,-122,-153,-158,-161,-162,-422,-414,-391,-383,-397,-397,-352,-346,-1406,-1235,-1162,-609,-552,-481,-1495,-843,-4844,-4818,-29959,-29961,-29953,-29962,-29975,-29976,-29976,-29977,-29976,-29978,-29978,-29979,-29979,-29980,-29980,-29981,-29981,-29982,-29982,-29983,-29983,-29984,-29984,-29985,-29985,-29986,-29986,-29987,-29987,-29988,-29989,-29990,-29990,-29991]} 1. d4 Nf6 2. c4 e6 3. Nc3 Bb4 4. Bd2 O-O 5. Nf3 b6 6. e3 c5 {E21: Nimzo-Indian: 4 Nf3.} 7. a3 Bxc3 8. Bxc3 Ne4 {The position is equal.} 9. Rc1 Bb7 10. Be2 d6 11. O-O Nxc3 12. Rxc3 Qe7 13. b4 Nd7 14. Nd2 {[#]} a5 $146 ({Predecessor:} 14... e5 15. d5 f5 16. e4 f4 17. Bg4 Rf6 18. Rh3 Nf8 19. Nf3 g6 20. Ng5 h5 {0-1 (32) Cavusoglu,Y-Navabi,S (2007) Golden Sands 2000}) 15. Bf3 axb4 16. axb4 cxb4 17. Rb3 d5 18. cxd5 Bxd5 19. Bxd5 exd5 20. Rb2 Ra3 21. Qe2 f5 22. Qb5 Ra5 23. Qc6 f4 24. exf4 Rxf4 25. Nb3 Ra3 26. Qxd5+ Qf7 27. Qd6 $1 Ra4 28. Re1 (28. Qc6 $14 Ra3 29. Qd6) 28... Rf6 $11 29. Qc7 Nf8 (29... Re6 {seems wilder.} 30. Qc8+ Nf8 31. Rd1 Re8 32. Qc2 Ne6) 30. Qxf7+ (30. Qc2 {with more complications.} Qd5 31. Nc5 Ra3 32. Ne4 Rc6 33. Qb1) 30... Kxf7 31. Nd2 Rd6 32. Nf3 Ne6 33. Rd1 {[#]} Nxd4 $1 {[%mdl 512]} 34. Kf1 (34. Rxd4 Ra1+) 34... Nb5 $1 35. Rdb1 Nc3 36. Rxb4 Rxb4 (36... b5 {looks sharper.} 37. Rxa4 bxa4 38. Rc1 Nb5 39. Ng5+ Kg6) 37. Rxb4 $15 {[%mdl 4096] Endgame KRN-KRN} Rd1+ 38. Ne1 b5 39. Rb3 Rc1 40. g3 ({White should try} 40. Ra3 $15) 40... Ke6 $17 41. Kg2 Rxe1 42. Rxc3 {KR-KR} Kd6 $1 43. Rc8 $2 {[#]} (43. Rd3+ {was worth a try.} Kc6 44. Rd8) 43... Re7 $1 $19 44. Rb8 Kc5 45. f4 b4 46. Kf3 Kc4 47. Rc8+ $2 (47. h4) 47... Kd3 48. Rd8+ Kc3 49. Rc8+ Kb2 50. f5 (50. Rh8 $142) 50... b3 51. g4 Ra7 52. g5 Ka2 {Black mates.} 53. Ke4 b2 54. Rb8 b1=Q+ 55. Rxb1 Kxb1 {KR-K3P} 56. f6 g6 57. Ke5 {[#]} Ra5+ $1 58. Ke6 Rxg5 {KR-KPP} 59. f7 Rf5 60. h4 Rf4 61. Ke7 h6 62. f8=Q Rxf8 63. Kxf8 {KPP-KP} g5 64. h5 g4 65. Kg7 g3 66. Kxh6 g2 67. Kh7 g1=Q 68. h6 Qg5 {Accuracy: White = 59%, Black = 92%.} 0-1